QUEST Central Library Banner

Micro Electronic Systems (Record no. 14692)

MARC details
000 -LEADER
fixed length control field 00224nam a22001097a 4500
082 ## - DEWEY DECIMAL CLASSIFICATION NUMBER
Classification number 621.38195855WOO
100 ## - MAIN ENTRY--AUTHOR NAME
Personal name Woollons
245 ## - TITLE STATEMENT
Title Micro Electronic Systems
260 ## - PUBLICATION, DISTRIBUTION, ETC. (IMPRINT)
Place of publication London
Year of publication 1986
300 ## - PHYSICAL DESCRIPTION
Number of Pages 274
942 ## - ADDED ENTRY ELEMENTS (KOHA)
Koha item type Books
Holdings
Withdrawn status Lost status Collection code Home library Current library Date acquired Cost, normal purchase price Full call number Accession Number Koha item type
    Reference Reference Section Reference Section 12/11/2015 146.00 621.38195855WOO (Shelf - 56E) 12769 Books

Copyright © 2018,The QUEST, Nawabshah, Shaheed Benazirabad. All rights reserved
Mr. G. Farooq Channar (Librarian) QUEST, Nawabshah, Sindh, Pakistan 67480.
 Ph#: |   0244-9370381-4 Ext. 2308   Email| lib@quest.edu.pk   Web|  http://www.quest.edu.pk